|
|
|
|
| LEADER |
00000nam a2200000 i 4500 |
| 001 |
1/98663 |
| 008 |
950317s1989 gre d |
| 035 |
|
|
|l 10011017
|
| 040 |
|
|
|a GR-MY-UA
|b gre
|e aacr
|
| 041 |
0 |
|
|a gre
|
| 082 |
0 |
|
|a 303.38
|
| 100 |
1 |
|
|a Ηλιού, Φίλιππος,
|d 1931-2004.
|
| 245 |
1 |
0 |
|a Ιδεολογικές χρήσεις του Κοραισμού στον 20ο αιώνα /
|c Φίλιππος Ηλιού
|
| 260 |
|
|
|a Αθήνα :
|b Πολίτης,
|c 1989
|
| 300 |
|
|
|a 126 σ.
|
| 500 |
|
|
|a Πρώτη δημοσίευση: Πρακτικά του διημέρου Κοραή (Αθήνα 1984, σ. 143-207)
|
| 504 |
|
|
|a Περιέχει ευρετήρια
|
| 650 |
0 |
0 |
|a Education
|x History.
|
| 650 |
0 |
0 |
|a Ideology.
|
| 852 |
|
|
|a INST
|b LESVOS
|e 19950317
|h 303.38 ΗΛΙ
|p 005100002298
|q 005100002298
|t BK
|y 0
|
| 909 |
|
|
|a Λ
|b 036646
|
| 922 |
|
|
|a 1ΔΩΡ
|b 199409
|c ΤΚΑ
|